000 00231nam a2200097Ia 4500
001 645001
005 20250826153615.0
008 250824s9999 xx 000 0 und d
245 0 _aRuby Rogers Anlat Bana
_cSue Limb
260 _bALTIN
999 _c645001
_d645001